Guess the Taylor Swift song #13 - Statistics

General Stats
  • This quiz has been taken 12 times
  • The average score is 228 of 354
Answer Stats
Lyrics % Correct
a
100%
I
100%
me
100%
you
100%
You
100%
be
92%
like
92%
the
92%
to
92%
we
92%
when
92%
all
83%
in
83%
my
83%
of
83%
on
83%
that
83%
there
83%
this
83%
This
83%
your
83%
an
75%
are
75%
by
75%
for
75%
if
75%
I'm
75%
is
75%
it
75%
moment
75%
one
75%
Remember
75%
they
75%
was
75%
were
75%
and
67%
And
67%
back
67%
book
67%
but
67%
just
67%
knew
67%
life
67%
live
67%
never
67%
not
67%
now
67%
our
67%
said
67%
wild
67%
with
67%
crowds
58%
dragons
58%
had
58%
have
58%
Long
58%
long
58%
look
58%
mind
58%
off
58%
stand
58%
stood
58%
them
58%
time
58%
went
58%
age
50%
cause
50%
crown
50%
decade
50%
end
50%
fighting
50%
forever
50%
got
50%
hands
50%
history
50%
made
50%
page
50%
read
50%
right
50%
screaming
50%
shaking
50%
should
50%
stands
50%
start
50%
take
50%
tell
50%
will
50%
would
50%
you'll
50%
baseball
42%
bring
42%
cap
42%
fate
42%
head
42%
held
42%
hero
42%
how
42%
magic
42%
pretenders
42%
same
42%
some
42%
step
42%
up
42%
us
42%
walls
42%
absurd
33%
afraid
33%
around
33%
children
33%
crashed
33%
day
33%
feeling
33%
forbid
33%
gave
33%
God
33%
Hold
33%
kingdom
33%
kings
33%
lights
33%
lives
33%
may
33%
mountains
33%
moved
33%
name
33%
names
33%
night
33%
outraged
33%
pass
33%
pictures
33%
queens
33%
remembered
33%
shine
33%
shined
33%
sidelines
33%
these
33%
through
33%
town
33%
traded
33%
wishing
33%
world
33%
band
25%
break
25%
confetti
25%
cynics
25%
danced
25%
'em
25%
face
25%
fall
25%
force
25%
goodbye
25%
ground
25%
hope
25%
into
25%
jeans
25%
memories
25%
please
25%
point
25%
Promise
25%
ripped
25%
rule
25%
spinning
25%
thieves
25%
trophies
25%
years
25%
falls
17%
No matching quizzes found
Score Distribution
Percent of People with Each Score
Percentile by Number Answered
Your Score History
You have not taken this quiz